[Event "Medellin Cuartas Memorial B"]
[Site "Medellin"]
[Date "2011.08.06"]
[Round "6.43"]
[White "Gomez Viana, Duvan Leandro"]
[Black "Sanchez, Fidel Arcesio"]
[Result "1-0"]
[WhiteElo "1630"]
[BlackElo "1600"]
[PlyCount "128"]
[EventDate "2011.08.03"]
[EventType "swiss"]
[EventRounds "8"]
[EventCountry "COL"]
[SourceTitle "EXT 2024"]
[Source "ChessBase"]
[SourceDate "2023.10.10"]
[SourceVersion "1"]
[SourceVersionDate "2023.10.10"]
[SourceQuality "1"]

1. e4 c5 2. Nf3 Nc6 3. Bb5 Nd4 4. a4 g6 5. c3 Nxf3+ 6. Qxf3 e5 7. Bc4 Qf6 8. Qe2 Bh6 9. Na3 a6 10. d3 Bxc1 11. Rxc1 Nh6 12. Bd5 Rb8 13. Qe3 Qf4 14. 0-0 Ng4 15. Qxf4 exf4 16. Nc4 0-0 17. e5 b5 18. axb5 axb5 19. Nd6 Nxe5 20. d4 Nd3 21. Rc2 cxd4 22. Rd1 Nc5 23. Rxd4 f3 24. Bxf3 Ne6 25. Rb4 Ba6 26. Be2 Nc7 27. h3 f5 28. c4 bxc4 29. Bxc4+ Bxc4 30. Rbxc4 Ne6 31. b4 Rfd8 32. f3 Kf8 33. Kf2 Ke7 34. Nc8+ Kf8 35. Nd6 Rb6 36. Nc8 Rb8 37. Nd6 f4 38. g4 Rb6 39. Nc8 Rb5 40. Nd6 Rd5 41. Ne4 Rd1 42. Rc8 Ke7 43. Rxd8 Kxd8 44. Rd2 Rxd2+ 45. Nxd2 d5 46. Ke2 Kc7 47. Kd3 Kb6 48. Nb3 Kb5 49. h4 h6 50. h5 g5 51. Kc3 d4+ 52. Nxd4+ Nxd4 53. Kxd4 Kxb4 54. Ke5 Kc3 55. Kf5 Kd4 56. Kg6 Ke3 57. Kxh6 Kxf3 58. Kxg5 Kg3 59. h6 f3 60. h7 f2 61. h8Q f1Q 62. Qc3+ Kh2 63. Qd2+ Kh3 64. Qe3+ Kg2 1-0

[Event "Medellin Cuartas Memorial B"]
[Site "Medellin"]
[Date "2011.08.05"]
[Round "3.34"]
[White "Zuluaga, Miryam"]
[Black "Sanchez, Fidel Arcesio"]
[Result "0-1"]
[WhiteElo "1668"]
[BlackElo "1600"]
[PlyCount "104"]
[EventDate "2011.08.03"]
[EventType "swiss"]
[EventRounds "8"]
[EventCountry "COL"]
[SourceTitle "EXT 2024"]
[Source "ChessBase"]
[SourceDate "2023.10.10"]
[SourceVersion "1"]
[SourceVersionDate "2023.10.10"]
[SourceQuality "1"]

1. e4 c5 2. Nf3 d6 3. d4 cxd4 4. Nxd4 g6 5. Nc3 Bg7 6. Be3 Nf6 7. Be2 0-0 8. Qd2 Nc6 9. 0-0-0 a6 10. h4 Ng4 11. Bxg4 Bxg4 12. f3 Bd7 13. g4 Ne5 14. Kb1 Qa5 15. Nb3 Qd8 16. Qf2 Rc8 17. Bb6 Qe8 18. Bd4 Nc4 19. Bxg7 Kxg7 20. h5 Na3+ 21. bxa3 Ba4 22. hxg6 fxg6 23. Qe3 Bxb3 24. Qh6+ Kf6 25. g5+ Kf7 26. Qxh7+ Ke6 27. Qh3+ Kf7 28. axb3 Rxc3 29. Kb2 Qc6 30. Qh7+ Ke8 31. Qxg6+ Kd8 32. Rd2 Rcxf3 33. c4 Rxb3+ 34. Kxb3 Rf3+ 35. Kb2 Qb6+ 36. Kc1 Rc3+ 37. Kd1 Qb3+ 38. Ke1 Re3+ 39. Re2 Qc3+ 40. Kf1 Rf3+ 41. Rf2 Qd3+ 42. Kg1 Rg3+ 43. Kh2 Rh3+ 44. Kg1 Qg3+ 45. Kf1 Rxh1+ 46. Ke2 Qg4+ 47. Ke3 Re1+ 48. Kd3 Qd1+ 49. Kc3 Re3+ 50. Kb4 Qb3+ 51. Ka5 Qxa3+ 52. Kb6 Qc5+ 0-1

[Event "Medellin Cuartas Memorial B"]
[Site "Medellin"]
[Date "2011.08.03"]
[Round "1.36"]
[White "Zuniga, Eddy Andres"]
[Black "Sanchez, Fidel Arcesio"]
[Result "1-0"]
[WhiteElo "1685"]
[BlackElo "1600"]
[PlyCount "39"]
[EventDate "2011.08.03"]
[EventType "swiss"]
[EventRounds "8"]
[EventCountry "COL"]
[SourceTitle "EXT 2024"]
[Source "ChessBase"]
[SourceDate "2023.10.10"]
[SourceVersion "1"]
[SourceVersionDate "2023.10.10"]
[SourceQuality "1"]

1. e4 e5 2. f4 d6 3. Nf3 Nc6 4. Bc4 Be7 5. 0-0 Nf6 6. d4 exd4 7. e5 dxe5 8. fxe5 Nd5 9. c3 Ne3 10. Bxe3 dxe3 11. Qe2 Bc5 12. Bxf7+ Kxf7 13. Qc4+ Kg6 14. Qxc5 e2 15. Re1 Bg4 16. Nbd2 Qd3 17. h3 Be6 18. Qf2 Rhf8 19. Qg3+ Kf7 20. Ng5+ 1-0